000 04208cam a22005054a 4500
999 _c32199
_d32199
001 15461063
003 OSt
005 20170120104840.0
008 080922s2009 njuaf b 101 0 eng
010 _a 2008041827
015 _aGBA885511
_2bnb
015 _aGBA885511
_2dnb
016 7 _a101484899
_2DNLM
016 7 _a014662122
_2Uk
020 _a9780470193402 (cloth)
020 _a0470193409 (cloth)
035 _a(OCoLC)ocn256770428
040 _aDNLM/DLC
_cDLC
_dNLM
_dC#P
_dUKM
_dYDXCP
_dBAKER
_dBTCTA
_dDEBBG
_dDLC
042 _apcc
050 0 0 _aR857.M3
_bI525 2006
060 0 0 _a2009 K-780
060 1 0 _aQT 37
_bI614a 2009
082 0 0 _a610.28
_222
084 _aYI 3205
_2rvk
111 2 _aInternational Conference on Design of Biomaterials
_d(2006 :
_cIndian Institute of Technology Kanpur)
245 1 0 _aAdvanced Biomaterials :
_bFundamentals, Processing, and Applications /
_cedited by Bikramjit Basu, Dhirendra Katti, and Ashok Kumar.
260 _aHoboken, N.J. :
_bJohn Wiley & Sons ;
_a[Westerville, Ohio] :
_bThe American Ceramic Society,
_cc2009.
300 _axxii, 746 p., [8] p. of plates :
_bill. (some col.) ;
_c25 cm.
500 _aThis volume is an outcome of the International Conference on Design of Biomaterials, organised at Indian Institute of Technology Kanpur, India during 8-11th December, 2006.
504 _aIncludes bibliographical references and index.
505 0 _aFundamentals of biomaterials and biocompatibility / Bikramjit Basu and Shekhar Nath -- Fundamentals of hydroxyapatite and related calcium phosphates / Racquel Zapanta LeGeros ... [et al.] -- Materials for orthopedic applications / Shekhar Nath and Bikramjit Basu -- The micro macroporous biphasic calcium phosphate concept for bone reconstruction and tissue engineering / Guy Daculsi, Franck Jegoux, and Pierre Layrolle -- Science and technology integrated titanium dental implant systems / Yoshiki Oshida and Elif Bahar Tuna -- Injectable hydrogels as biomaterials / Lakshmi S. Nair, Cato T. Laurencin, and Mayank Tandon -- Nanomaterials for improved orthopedic and bone tissue engineering applications / Lijie Zhang ... [et al.] -- Introduction to processing of biomaterials / Dhirendra S. Katti ... [et al.] -- Laser processing of orthopedic biomaterials / Rajarshi Banerjee and Soumya Nag -- Functionally graded all ceramic hip joint / Omer Van der Biest ... [et al.] -- Medical devices based on bioinspired ceramics / Pío González ... [et al.] -- Ionomer glasses : design and characterization / Artemis Stamboulis and Fei Wang --
505 0 _aDesigning nanofibrous scaffolds for tissue engineering / Neha Arya, Poonam Sharma, and Dhirendra S. Katti -- Design of supermacroporous biomaterials via gelation at subzero temperatures-cryogelation / Fatima M. Plieva ... [et al.] -- Biomaterial applications / Ashok Kumar, Akshay Srivastava, and Era Jain -- Cell-based nanocomposites and biomolecules for bone tissue engineering / Michelle Ngiam ... [et al.] -- Orthopedic interface tissue engineering : building the bridge to integrated musculoskeletal tissue systems / Helen H. Lu, Kristen L. Moffat, and Jeffrey P. Spalazzi -- Cells of the nervous system and electrical stimulation / Carlos Atico Ariza and Surya K. Mallapragada -- Placental umbilical cord blood : a true blood substitute / Niranjan Bhattacharya -- Supported cell mimetic monolayers and their blood compatibility / K. Kaladhar and Chandra P. Sharma -- Titanium nitride and diamond like carbon coatings for cardiovascular applications / C.V. Muraleedharan and G.S. Bhuvaneshwar.
650 0 _aBiomedical materials
_vCongresses.
650 0 _aBiomimetic materials
_vCongresses.
650 1 2 _aBiocompatible Materials
_xtherapeutic use
_vCongresses.
650 2 2 _aBlood Substitutes
_xtherapeutic use
_vCongresses.
650 2 2 _aNanostructures
_xtherapeutic use
_vCongresses.
650 2 2 _aTissue Engineering
_vCongresses.
700 1 _aBasu, Bikramjit.
700 1 _aKatti, Dhirendra.
700 1 _aKumar, Ashok,
_d1963-
906 _a7
_bcbc
_corignew
_d1
_eecip
_f20
_gy-gencatlg
942 _2ddc
_cBK